000 00607nam a2200169 a 4500
020 _a4258540129
040 _cDLC
082 0 0 _a338 IDE 1992 C141 Or.
245 0 0 _aIndochina economic reconstruction and international cooperation :
_bpapers and proceedings of a symposium held at the Institute of Developing Economies on November 13-14, 1991 /
260 _aTokyo :
_bInstitute of Developing Economies,
_c1992.
300 _avii, 152 p. ;
_c26 cm.
650 0 _aEconomic assistance
700 1 _aMurano, Tsutomu.
700 1 _aTakeuchi, Ikuo.
710 2 _aAjia Keizai Kenkyūjo (Japan)
942 _cAEDBB
999 _c18287
_d18287